Cultura y ambiente : (Registro nro. 17)

Detalles MARC
000 -CABECERA
Campo de control 01137nam a2200241 a 4500
005 - FECHA Y HORA DE LA ULTIMA TRANSACCION
Campo de control 20200104041504.0
008 - ELEMENTOS DE LONGITUD FIJA—INFORMACION GENERAL
Campo de control 140113b2003 ck ||||| |||| 00| 0 spa d
020 ## - ISBN
ISBN 9587012917
040 ## - FUENTE DE CATALOGACIÓN
Agencia transcriptora CO.-BoIH
Agencia catalogadora original CO-BoIAVH
041 ## - IDIOMA
Código de idioma para texto/pista de sonido o título separado Español
044 ## - PAÍS DE PUBLICACIÓN
País de publicación Colombia
082 04 - NUMERO DE CLASIFICACION DECIMAL DEWEY
Número de clasificación 333.7071
Número del ítem B51c
090 ## - CLASIFICACIÓN LOCAL
Colección LB
Consecutivo 03256
100 1# - ASIENTO PRINCIPAL--NOMBRE PERSONAL
Nombre personal Bermúdez Guerrero, Olga María
9 (RLIN) 3480
245 10 - MENCION DE TITULO
Título Cultura y ambiente :
Parte restante del título la educación ambiental, contextos y perspectivas/
Mención de responsabilidad Olga María Bermúdez Guerrero
260 ## - PUBLICACION, DISTRIBUCION, ETC. (PIE DE IMPRENTA)
Lugar de publicación, distribución, etc. Bogotá:
Nombre del editor, distribuidor, etc. Universidad Nacional de Colombia,
-- IDEA,
Fecha de publicación, distribución, etc. 2003.
300 ## - DESCRIPCION FISICA
Extensión 153 p.
Dimensiones 25 cm.
490 ## - MENCION DE SERIE
Mención de serie Ideas 2
505 ## - NOTA DE CONTENIDO
Nota de contenido Elementos conceptuales -- El concepto de ambiente. El desarrollo sostenible. Que se entiende por educación ambiental. Educación ambiental en el contexto internacional. Educación ambiental a nivel nacional. Objetivos de la Educación ambiental. Soportes de la educación ambiental. Orientaciones. Educación ambiental en la ciudad. Incorporación de la educación ambiental en los diferentes niveles de enseñanza.
650 #6 - ASIENTO SECUNDARIO DE MATERIA - TERMINO TEMATICO
Término temático o nombre geográfico como elemento de entrada Educación ambiental
9 (RLIN) 162
942 ## - ELEMENTOS ADICIONALES (KOHA)
Tipo de ítem Libro
Sistema de clasificación Dewey Decimal Classification
Koha issues (borrowed), all copies 4
945 ## - PROCESAMIENTO LOCAL
AAAA-MM-DD - Fecha de ingreso o modificacion 2003-09-22
Existencias
Withdrawn status Lost status Sistema de Clasificación Damaged status No para préstamo Colección Inventariado Ubicación Permanente Ubicación actual Fecha de adquisición Fuente de Valor Valor Total Checkouts Número topográfico Inventario / Código de Barras Date last seen Ejemplar Price effective from Forma de adquisición Tipo de material Total Renewals Date checked out
    Dewey Decimal Classification     General Inventariado 2017 Bogotá Bogotá 05/02/2015 Instituto 15000.00 4 LB-333.7071 B51c 038670 17/08/2016 Ej. 3 05/02/2015 Compra Libro 1 08/08/2016
    Dewey Decimal Classification     General Inventariado 2017 Sala Fabio Quevedo Sala Fabio Quevedo 18/02/2004 Instituto 15000.00   LB-333.7071 B51c 008252 04/12/2012 Ej. 1 04/12/2012   Libro